000 00304nam a2200109Ia 4500
008 220204s9999 xx 000 0 und d
082 _a658.567(035)
_bSTE
100 _aStevens, Barbara J
245 0 _aHandbook of municipal waste management systems
260 _aNew York
_bVan Nostrand
_c1980
942 _cBK
999 _c35566
_d35566